| 000 | 00000nam##2200000za#4500 |
| 001 | 9.601264 |
| 003 | CaOODSP |
| 005 | 20210624210005 |
| 007 | cr ||||||||||| |
| 008 | 150406|2001||||xxc|||||o f|0| 0 fre|d |
| 040 | |aCaOODSP|bfre |
| 043 | |an-cn--- |
| 086 | 1 |aC21-24/33-2001F-PDF |
| 110 | 1 |aCanada.|bIndustrie Canada. |bDirection de l'analyse micro-économique. |
| 245 | 10|aPropension à la R-D et productivité dans les entreprises sous contrôle étranger au Canada / |h[ressource électronique]|cpar Jianmin Tang et Someshwar Rao. |
| 260 | |aOttawa - Ontario : |bIndustrie Canada. |cMars 2001. |
| 300 | |a40p.|bgraphiques, tableaux |
| 490 | 1 |aSérie de document de travail|vN° 33 |
| 500 | |aLe nº de catalogue (C21-24/33-2001) et l'ISBN (0-662-65578-8) de l'édition imprimée bilingue ont été incorrectement copiés dans cette édition électronique. |
| 504 | |aBibliographie. |
| 590 | |a12-12-Supp|b2012-03-28 |
| 720 | 1 |aRao, Someshwar |
| 720 | 1 |aTang, Jianmin |
| 775 | 08|tR&D propensity and productivity performance of foreign-controlled firms in Canada / |w(CaOODSP)9.570617 |
| 776 | 0#|tR&D propensity and productivity performance of foreign-controlled firms in Canada / |w(CaOODSP)9.534936 |
| 776 | 0#|tPropension à la R-D et productivité dans les entreprises sous contrôle étranger au Canada / |w(CaOODSP)9.534937 |
| 830 | #0|aSérie de document de travail ;|vN° 33|w(CaOODSP)9.501123 |
| 856 | 40|ahttp://publications.gc.ca|qPDF|s159 Ko|uhttps://publications.gc.ca/collections/Collection/C21-24-33-2001F.pdf|yN° 33 |